000 01050nam a22002297a 4500
999 _c62300
_d62300
005 20240920105538.0
008 240920s2022 enk||||| |||| 00| 0 eng d
020 _a 9798845833723x
041 _aeng
080 _a615.851+159 A-72
100 _aArden, Kendyl
_923255
245 _aThe Art Therapy Way: A Self-Care Guide:
_b30 minute art therapy activities to calm anxiety, improve mood, de-stress, and connect to your inner voice
_cKendyl Arden.
264 _aLondon,
_c2022.
300 _a235.;
_b22 cm.
653 _aარტ თერაპია
653 _a30 წუთიანი არტთერაპიის აქტივობები შფოთვის დასამშვიდებლად
653 _aგანწყობის გასაუმჯობესებ
653 _aგანმუხტვა და შინაგან ხმასთან დასაკავშირება
653 _aმედიცინა
653 _aფსიქოლოგია
942 _2udc
_cBK